Statistics for Connections Quiz #2

Click here to take the quiz!

General Stats

  • This quiz has been taken 31 times
  • The average score is 7 of 15

Answer Stats

WordsConnection% Correct
All, Shooting, SuperStar
74%
Green, Independence, HoliDay
70%
Bowl, Buzz, CrewCut
67%
Demolition, Kentucky, CityDerby
67%
Dane, Britain, LakeGreat
67%
French, Industrial, AmericanRevolution
67%
Jack, Kitchen, ButterflyKnife
63%
Bowl, Food, TankFish
56%
Mustang, Bronco, TrailcatCars
26%
Big, Flash, DrinkBang
19%
Car, Cymbal, ComputerCrash
19%
Detector, Screen, SignalSmoke
19%
Web, Silver, WaveSurf
19%
University, Cooker, WhiteRice
15%
Autism, TV, InternetSpectrum
15%

Score Distribution

Percentile by Number Answered

Percent of People with Each Score

Your Score History

You have not taken this quiz